Normal view
MARC view
Entry Personal Name
001 - CONTROL NUMBER
- control field: 1119650
003 - CONTROL NUMBER IDENTIFIER
- control field: OSt
005 - DATE AND TIME OF LATEST TRANSACTION
- control field: 20260302114742.0
008 - FIXED-LENGTH DATA ELEMENTS
- fixed length control field: 260302|| aca||aabn | a|a d
040 ## - CATALOGING SOURCE
- Original cataloging agency: OSt
- Transcribing agency: OSt
100 ## - HEADING--PERSONAL NAME
- Personal name: Dilek Bulut Sarikaya
670 ## - SOURCE DATA FOUND
- Source citation: Work cat.: (OSt)1683712: Dilek Bulut Sarikaya, The Human-Animal Relationship in Pre-Modern Turkish Literature A Study of The Book of Dede Korkut and The Masnavi, Book I, II
